logo

Bir Sreshtho Munshi Abdur Rouf Library
Jhenaidah Cadet College

Thomas Jefferson and American democracy. (Record no. 9451)

MARC details
000 -LEADER
fixed length control field 00663cam a22002412 4500
001 - CONTROL NUMBER
JCCL Control Number 9451
003 - CONTROL NUMBER IDENTIFIER
JCCL marc code BD-JhCC
005 - DATE AND TIME OF LATEST TRANSACTION
control field 20190321100950.0
008 - FIXED-LENGTH DATA ELEMENTS--GENERAL INFORMATION
fixed length control field 911210s1962 nyu 000 0 eng
035 ## - SYSTEM CONTROL NUMBER
system control number (BD-JhCC)9451
040 ## - CATALOGING SOURCE
Original cataloging agency DLC
Transcribing agency DLC
Modifying agency DLC
-- BD-JhCC
041 ## - LANGUAGE CODE
Language code of Book eng
050 00 - LIBRARY OF CONGRESS CALL NUMBER
Classification number E332
Item number .B43 1962
082 ## - DEWEY DECIMAL CLASSIFICATION NUMBER
Author mark and Year BEL 1962
Classification number 923.173
100 1# - MAIN ENTRY--PERSONAL NAME
Personal name Beloff, Max,
Dates associated with a name 1913- [from old catalog]
245 10 - TITLE STATEMENT
Title Thomas Jefferson and American democracy.
260 ## - PUBLICATION, DISTRIBUTION, ETC. (IMPRINT)
Place of publication, distribution, etc New York,
Name of publisher, distributor, etc Collier Books
Date of publication, distribution, etc [1962]
300 ## - PHYSICAL DESCRIPTION
Pagination 220 p.
Dimensions 18 cm.
600 10 - SUBJECT ADDED ENTRY--PERSONAL NAME
Personal name Jefferson, Thomas,
Dates associated with a name 1743-1826.
651 #0 - SUBJECT ADDED ENTRY--GEOGRAPHIC NAME
Geographic name United States
General subdivision History
Chronological subdivision 1783-1865.
942 ## - ADDED ENTRY ELEMENTS (KOHA)
Source of classification or shelving scheme Dewey Decimal Classification
Koha item type Books
Holdings
Source of classification or shelving scheme Damaged status Not for loan Home library Current library Shelving location Total Checkouts Full call number Barcode Date last seen Copy number Koha item type
Dewey Decimal Classification     JCC Rouf Library JCC Rouf Library General Stacks   923.173 BEL 1962 12607 03/14/2018 C - 1 Books

JCC Library | Contacts | JCC Home

Last Update on 23 September 2017
Copyright @ 2017-2020 JCC Rouf Library
Rouf Library, Jhenidah Cadet College (JCC), Bangladesh